Statistiques concernant Les pays contenant entre 40 % et 50 % de musulmans

Cliquez ici pour prendre le quiz!

Statistiques générales

  • Ce quiz a été pris 10 fois
  • Le résultat moyen est 2 sur 2

Statistiques - réponses

HintRéponse% Correct
47,9 %Nigeria
89%
40,0 %Côte d'Ivoire
67%

Distribution des résultats

Percentile par nombre de réponses

% des personnes avec chaque résultat

Votre développement - résultats

Vous n’avez pas pris ce quiz